| 000 | 00799nam a2200217Ia 4500 | ||
|---|---|---|---|
| 008 | 0000001996 usa 0000000000eng00 | ||
| 090 | _aPSA00 O77a | ||
| 100 | 1 | _aOsthoff, Simone | |
| 245 | 1 | 0 |
_aAfrica within _b: Lorna Marsh _c/ essays by Simone Osthoff ; introduction Michele March ; photography James Prinz |
| 300 |
_a[42] p. _c/ 27 cm. |
||
| 500 | _aCon el patronazgo del maestro venezolano Jesús Rafael Soto (q.e.p.d.) | ||
| 600 | 0 | 0 |
_aMARSH, LORNA/ _xTRABAJOS PICTORICOS |
| 650 | 1 | 4 | _aANIMALES EN EL ARTE |
| 650 | 1 | 4 | _aARTE CONTEMPORANEO SUDAFRICANO |
| 650 | 1 | 4 | _xCATALOGOS |
| 650 | 1 | 4 | _xEXPOSICIONES |
| 650 | 1 | 4 | _aPINTORES SUDAFRICANOS |
| 650 | 1 | 4 | _aPINTURA SUDAFRICANA |
| 700 | 1 | _aMarch, Michele \ Prinz, James | |
| 999 |
_c2217 _d2217 |
||
| 260 |
_aChicago : Aldo Castillo Gallery _c1996 |
||